K-pop idol by childhood pics - Statistics

General Stats
  • This quiz has been taken 88 times
  • The average score is 9 of 16
Answer Stats
Picture Answer % Correct
Danielle
79%
Wonyoung
71%
I.N
65%
Leeknow
65%
Taehyun
65%
Sunoo
62%
Sakura
61%
Bahiyyih
56%
Chaeryeong
56%
Beomgyu
52%
Nayeon
47%
Rose
47%
Wonhee
44%
Jungwon
41%
Chuu
35%
Seungmin
35%
No matching quizzes found
Score Distribution
Percent of People with Each Score
Percentile by Number Answered
Your Score History
You have not taken this quiz